00398nam a2200121Ia 4500008004100000082002100041100002600062245005500088260002200143300001100165440004800176650005200224120622s9999 xx 000 0 und d a086.1 P832m v.28 aRublúo, Luis, 1940- aCronistas de la ciudad de México / Luis Rublúo aMéxico : D.D.F. a140 p. aColección popular Ciudad de México ; 28 a1. HISTORIADORES MEXICANOS - MEXICO (CIUDAD)Ì